书目信息 |
| 题名: |
钢制管道零件 全国通用给水排水标准图集S311
|
|
| 作者: | 建筑科学研究院建筑标准设计研究所 编 | |
| 分册: | ||
| 出版信息: | 北京 中国建筑标准设计研究所 1999.01 |
|
| 页数: | 32页 | |
| 开本: | 16开 | |
| 丛书名: | ||
| 单 册: | ||
| 中图分类: | TU81 | |
| 科图分类: | ||
| 主题词: | 房屋建筑设备--管道 | |
| 电子资源: | ||
| ISBN: | ||
| 000 | 00730nam0 2200193 45 | |
| 001 | 0003021023 | |
| 005 | 20000302100435.3 | |
| 010 | @d8.50元 | |
| 100 | @a20000302d1999 km y0chiy0120 ea | |
| 101 | @achi | |
| 105 | @a z 000yy | |
| 200 | 1 | @a钢制管道零件 全国通用给水排水标准图集S311@AGang Zhi Guan Dao Ling Jian Quan Guo Tong Yong Gei Shui Pai Shui Biao Zhun Tu Ji S311@f建筑科学研究院建筑标准设计研究所编@FJian Zhu Ke Xue Yan Jiu Yuan Jian Zhu BiaoZhun She Ji Yan Jiu Suo Bian |
| 210 | @a北京@c中国建筑标准设计研究所@d1999.01 | |
| 215 | @a32页@d16开 | |
| 606 | 0 | @a房屋建筑设备@x管道 |
| 690 | @aTU81@v3 | |
| 701 | @a建筑科学研究院建筑标准设计研究所@4编 | |
| 801 | @aCN@bPftUser@c20000302 | |
| 905 | @f5@b49391-395@dTU81@eJ:389 | |
| 钢制管道零件 全国通用给水排水标准图集S311/建筑科学研究院建筑标准设计研究所编.-北京:中国建筑标准设计研究所,1999.01 |
| 32页;16开 |
| ISBN :8.50元 |
| ● |
| 相关链接 |
|
|
|
正题名:钢制管道零件全国通用给水排水标准图集S311
索取号:TU81/J:389
 
预约/预借
| 序号 | 登录号 | 条形码 | 馆藏地/架位号 | 状态 | 备注 |
| 1 | 49391 | 200493910 | 建筑库201/201建筑库 49排5列4层/ [索取号:TU81/J:389] | 在馆 | |
| 2 | 49392 | 200493929 | 建筑库201/201建筑库 49排5列4层/ [索取号:TU81/J:389] | 在馆 | |
| 3 | 49393 | 200493938 | 建筑库201/201建筑库 49排5列4层/ [索取号:TU81/J:389] | 在馆 | |
| 4 | 49394 | 200493947 | 建筑库201/201建筑库 49排5列4层/ [索取号:TU81/J:389] | 在馆 | |
| 5 | 49395 | 200493956 | 建筑库201/201建筑库 49排5列4层/ [索取号:TU81/J:389] | 在馆 |